000 01080cab a22001935a 4500
001 L148377
008 090911e20090 xxka f 000 0 eng d
035 _a(Sirsi) u148378
041 0 _aeng
100 1 _aWilmott-Smith, Andrew
245 0 0 _aBuyers have to run the risk
260 _c2009
490 _aEstates Gazette
_v(0924) 20 June 2009, 80-81(2)
520 _aSales by insolvency practitioners (IPs) (as defined by the Law of Property Act 1925), can provide good investments for investors and developers, but these sales differ from the more regular transactions. Buyers require careful guidance, in the context of risk, as the IPs will want to eliminate contractural risk as far as possible, and IPs as agents for the seller will not take on liabilities relating to the ownership of the property and the promises of the sellers will be worthless, but the IPs will not want to incur any liability either.
590 _aKA
651 4 _aEngland and Wales
_y1543-
690 _aPROPERTY-COMMERCIAL PROPERTY-COMMERCIAL LANDLORD AND TENANT-BUSINESS TENANCIES
942 _n0
999 _c81811
_d81811